| 000 | 006130000a22001810004500 | ||
|---|---|---|---|
| 090 |
_aAR _b03801 |
||
| 245 | 1 | 0 |
_aBiodiversity _sperspectives and technological oportunities, microrganismos e aplicoes industriais |
| 500 | _a<Colección Recursos Genéticos> | ||
| 650 | 1 | 4 |
_aBiodiversidad _992204 |
| 650 | 1 | 4 |
_aBioprospección _993872 |
| 650 | 1 | 4 |
_aMicrobiología _96791 |
| 650 | 1 | 4 |
_aAgroindustria _91890 |
| 651 | 4 |
_pBrasil _992749 |
|
| 041 | 0 | _aPortugues | |
| 100 | 1 |
_aManfio, Gilson Paulo _997601 |
|
| 942 | _cARTICULO | ||
| 773 | 1 |
_thttp://www.bdt.fat.org.br./publicacoes/padct/bio/cap9/4/gilson.html _q1-13 _d1992 |
|
| 999 |
_c12837 _d12837 |
||